000 00830nam a2200241Ia 4500
003 OSt
005 20220923211332.0
006 a|||||r|||| 00| 0
007 ta
008 220922b |||||||| |||| 00| 0 pan d
020 _a9788182991637 (hbk)
_c395
024 _a240,222
037 _b7501/I, 19/11/2009, Arsee Publishers
_cTextual
040 _aARTS
_cARTS
_bpan
041 _2pan
_apan
082 _aV2y7M99, 153P8
100 _aਸਿੰਗਲ, ਧਰਮਪਾਲ, ਥਦ.
_9156349
245 0 _aFਹੀਦ ਉਧਮ ਸਿੰਘ
_b ਕਾਵਿ Fਰਧਾਜਲੀ
260 _aਦਿੱਲੀ
_b ਆਰਸੀ
_c2008
300 _a368ਪੰ
_ccm.
942 _hV2y7M99, 153P8
_cTEXL
_2CC
999 _c298576
_d298576